LEADER 01774nam 22004813 450 001 9911028765203321 005 20251110153251.0 010 $a3-031-90877-5 035 $a(MiAaPQ)EBC32320953 035 $a(Au-PeEL)EBL32320953 035 $a(CKB)41018965700041 035 $a(OCoLC)1543213861 035 $a(EXLCZ)9941018965700041 100 $a20250930d2025 uy 0 101 0 $aeng 135 $aurcnu|||||||| 181 $ctxt$2rdacontent 182 $cc$2rdamedia 183 $acr$2rdacarrier 200 10$aImperial Pharmakon $eWriting and Medicine in the Long Nineteenth Century 205 $a1st ed. 210 1$aCham :$cPalgrave Macmillan,$d2025. 210 4$d©2025. 215 $a1 online resource (0 pages) 225 1 $aPalgrave Studies in Literature, Science and Medicine Series 311 08$a3-031-90876-7 330 $aIn Imperial Pharmakon, Sandhya Shetty tells a story of western medicine in colonial India that is multi-sided, full of surprises, and unexpected detours.Highlighting side effects and complications, she nuances the conventional narrative that medicine in colonial places was consistently oppressive and evenly commanding, or unrelievedly prosaic in. 410 0$aPalgrave Studies in Literature, Science and Medicine Series 606 $aHISTORY / General$2bisacsh 606 $aMEDICAL / General$2bisacsh 606 $aSOCIAL SCIENCE / General$2bisacsh 615 7$aHISTORY / General 615 7$aMEDICAL / General 615 7$aSOCIAL SCIENCE / General 676 $a362.1095409034 700 $aShetty$b Sandhya$01848912 801 0$bMiAaPQ 801 1$bMiAaPQ 801 2$bMiAaPQ 906 $aBOOK 912 $a9911028765203321 996 $aImperial Pharmakon$94436715 997 $aUNINA